La historia del nacimiento / (Record no. 147780)
[ view plain ]
| 000 -CABECERA | |
|---|---|
| campo de control de longitud fija | 00794nam a2200241 u 4500 |
| 005 - FECHA Y HORA DE LA ÚLTIMA TRANSACCIÓN | |
| campo de control | 20210223131256.0 |
| 008 - ELEMENTOS DE LONGITUD FIJA--INFORMACIÓN GENERAL | |
| campo de control de longitud fija | 100507s2005 mx r 000 0 spa d |
| 020 ## - NÚMERO INTERNACIONAL NORMALIZADO PARA LIBROS | |
| Número Internacional Estándar del Libro | 9707700955 |
| 035 ## - NÚMERO DE CONTROL DEL SISTEMA | |
| Número de control de sistema | UPN01000175677 |
| 049 ## - COLECCIÓN | |
| Colección | I |
| 050 #4 - SIGNATURA TOPOGRÁFICA DE LA BIBLIOTECA DEL CONGRESO | |
| Número de clasificación | RG525.5 |
| Número de documento/Ítem | A2.3 |
| 100 1# - ASIENTO PRINCIPAL--NOMBRE PERSONAL | |
| Nombre de persona | Abel Prot, Viviane |
| 245 13 - MENCIÓN DE TÍTULO | |
| Título | La historia del nacimiento / |
| Mención de responsabilidad, etc. | Viviane Abel Prot, Philippe Delorme ; il. Rozier Gaudriault ; tr. Adrián Pellaumail. |
| 260 ## - PUBLICACIÓN, DISTRIBUCIÓN, ETC. | |
| Lugar de publicación, distribución, etc. | México : |
| Nombre del editor, distribuidor, etc. | Altea, |
| Fecha de publicación, distribución, etc. | 2005. |
| 300 ## - DESCRIPCIÓN FÍSICA | |
| Extensión | [32] p. : |
| Otras características físicas | il. col. |
| 440 #0 - MENCIÓN DE SERIE/ASIENTO SECUNDARIO--TÍTULO | |
| Título | Altea Benjamín |
| 534 ## - NOTA SOBRE LA VERSIÓN ORIGINAL | |
| Frase introductoria | Titulo orignal: |
| Mención de título del original | L'historie de la nissance |
| 650 #4 - ASIENTO SECUNDARIO DE MATERIA - TERMINO TEMATICO | |
| Término de materia o nombre geográfico como elemento de entrada | EMBARAZO - |
| Subdivisión de forma | LITERATURA INFANTIL |
| 9 (RLIN) | 16051 |
| 650 #4 - ASIENTO SECUNDARIO DE MATERIA - TERMINO TEMATICO | |
| Término de materia o nombre geográfico como elemento de entrada | PARTO - |
| Subdivisión de forma | LITERATURA INFANTIL |
| 9 (RLIN) | 16050 |
| 650 #4 - ASIENTO SECUNDARIO DE MATERIA - TERMINO TEMATICO | |
| Término de materia o nombre geográfico como elemento de entrada | ATENCION POSTNATAL |
| 9 (RLIN) | 16049 |
| 700 1# - ASIENTO SECUNDARIO--NOMBRE DE PERSONAL | |
| Nombre de persona | Delorme, Philippe, |
| Término indicativo de función/relación | coaut. |
| 905 ## - TIPO DE MATERIAL | |
| Tipo de material | Libro |
| Estado de retiro | Estado de pérdida | Fuente del sistema de clasificación o colocación | Estado dañado | No para préstamo | Código de colección | Localización permanente | Ubicación/localización actual | Ubicación en estantería | Fecha de adquisición | Clasificación | Código de barras | Fecha visto por última vez | Número de copia | Tipo de ítem Koha | Total de préstamos |
|---|---|---|---|---|---|---|---|---|---|---|---|---|---|---|---|
| Library of Congress Classification | Infantil | Bib. Gregorio Torres Quintero | Bib. Gregorio Torres Quintero | Sala infantil Planta baja | 10/05/2023 | RG525.5 A2.3 | 257083 | 31/12/2020 | 1 | Libro | |||||
| Library of Congress Classification | Infantil | Bib. Gregorio Torres Quintero | Bib. Gregorio Torres Quintero | Sala infantil Planta baja | 10/05/2023 | RG525.5 A2.3 | 274213 | 31/12/2020 | 1 | Libro | 2 |
